Countries by War - Statistics

General Stats
  • This quiz has been taken 445 times
    391 since last reset
  • The average score is 12 of 21
Answer Stats
Hint Country % Correct
France
94%
American Civil War United States
86%
Falklands War Argentina
84%
100 Years War England
83%
United Kingdom
79%
Kosovo Conflict Kosovo
78%
Rome
73%
Peloponnesian War Athens
68%
Sparta
68%
Punic Wars Carthage
67%
Confederate States of America
63%
Boer War Great Britain
54%
Spain
53%
Yugoslavia
51%
80 Years War Netherlands
50%
Kargil War India
34%
Pakistan
31%
Chaco War Bolivia
24%
Paraguay
24%
Orange Free State
23%
Transvaal
15%
No matching quizzes found
Score Distribution
Percent of People with Each Score
Percentile by Number Answered
Your Score History
You have not taken this quiz since the last reset